Rafael López Castro. (Record no. 13172)

MARC details
000 -CABECERA
campo de control de longitud fija 01464nam a2200397 4500
003 - IDENTIFICADOR DEL NÚMERO DE CONTROL
campo de control OSt
005 - FECHA Y HORA DE LA ÚLTIMA TRANSACCIÓN
campo de control 20260530115307.0
008 - DATOS DE LONGITUD FIJA--INFORMACIÓN GENERAL
campo de control de longitud fija 260507b1999 mx ||||| |||| 00| 0 spa d
040 ## - FUENTE DE LA CATALOGACIÓN
Centro catalogador/agencia de origen ICI
Lengua de catalogación SPA
Centro/agencia transcriptor ICI
041 ## - CÓDIGO DE LENGUA
Código de lengua del texto/banda sonora o título independiente SPA
050 ## - SIGNATURA TOPOGRÁFICA DE LA BIBLIOTECA DEL CONGRESO
Número de clasificación TP897 L66 1999
100 1# - ENTRADA PRINCIPAL--NOMBRE DE PERSONA
Nombre de persona López Castro, Rafael
9 (RLIN) 3345
245 10 - MENCIÓN DE TÍTULO
Título Rafael López Castro.
260 ## - PUBLICACIÓN, DISTRIBUCIÓN, ETC.
Lugar de publicación, distribución, etc. México :
Nombre del editor, distribuidor, etc. Consejo de Diseñadores de México,
Fecha de publicación, distribución, etc. 1999.
264 #1 - PRODUCCIÓN, PUBLICACIÓN, DISTRIBUCIÓN, FABRICACIÓN Y COPYRIGHT
Nombre del de productor, editor, distribuidor, fabricante Biblioteca de Diseño Quorum
Fecha de producción, publicación, distribución, fabricación o copyright 1999
300 ## - DESCRIPCIÓN FÍSICA
Extensión 72 paginas
Otras características físicas ilustraciones.
336 ## - TIPO DE CONTENIDO
Término de tipo de contenido texto
Fuente rdacontent
337 ## - TIPO DE MEDIO
Nombre/término del tipo de medio sin medio
Fuente rdamedia
338 ## - TIPO DE SOPORTE
Nombre/término del tipo de soporte volumen
Fuente rdacarrier
490 ## - MENCIÓN DE SERIE
Mención de serie Biblioteca de Diseño Quórum
600 ## - PUNTO DE ACCESO ADICIONAL DE MATERIA--NOMBRE DE PERSONA
Nombre de persona López Castro, Rafael
Subdivisión general Catálogos
9 (RLIN) 32254
650 ## - PUNTO DE ACCESO ADICIONAL DE MATERIA--TÉRMINO DE MATERIA
Término de materia o nombre geográfico como elemento de entrada Diseño gráfico
Subdivisión general México.
650 ## - PUNTO DE ACCESO ADICIONAL DE MATERIA--TÉRMINO DE MATERIA
Término de materia o nombre geográfico como elemento de entrada Carteles mexicanos.
9 (RLIN) 32256
651 ## - PUNTO DE ACCESO ADICIONAL DE MATERIA--NOMBRE GEOGRÁFICO
Nombre geográfico Arte gráfico mexicano.
9 (RLIN) 32257
651 ## - PUNTO DE ACCESO ADICIONAL DE MATERIA--NOMBRE GEOGRÁFICO
Nombre geográfico Ilustración mexicana.
9 (RLIN) 32258
651 ## - PUNTO DE ACCESO ADICIONAL DE MATERIA--NOMBRE GEOGRÁFICO
Nombre geográfico Diseñadores gráficos
Subdivisión general México
9 (RLIN) 32259
700 ## - PUNTO DE ACCESO ADICIONAL--NOMBRE DE PERSONA
Nombre de persona Calderón Eduardo
Término indicativo de función/relación Coordinación editorial
700 ## - PUNTO DE ACCESO ADICIONAL--NOMBRE DE PERSONA
Nombre de persona Contreras Helena
Término indicativo de función/relación Auxiliar de Coordinación
9 (RLIN) 32261
700 ## - PUNTO DE ACCESO ADICIONAL--NOMBRE DE PERSONA
Nombre de persona Mireles Diseño
Término indicativo de función/relación Diseño
9 (RLIN) 32262
700 ## - PUNTO DE ACCESO ADICIONAL--NOMBRE DE PERSONA
Nombre de persona Comesaña María de los Ángeles
Término indicativo de función/relación Supervisión de redacción
9 (RLIN) 32263
700 ## - PUNTO DE ACCESO ADICIONAL--NOMBRE DE PERSONA
Nombre de persona Mozka Richard
Término indicativo de función/relación Traductor
9 (RLIN) 32264
700 ## - PUNTO DE ACCESO ADICIONAL--NOMBRE DE PERSONA
Nombre de persona Edgar Espinoza Studios S.C.
Término indicativo de función/relación Ftgrafía obra
9 (RLIN) 32265
700 ## - PUNTO DE ACCESO ADICIONAL--NOMBRE DE PERSONA
Nombre de persona Comité XPremio Quórum
Término indicativo de función/relación Edición
9 (RLIN) 32266
700 ## - PUNTO DE ACCESO ADICIONAL--NOMBRE DE PERSONA
Nombre de persona Champange Fine Printing
Término indicativo de función/relación Selecciones de color e impresión
9 (RLIN) 32267
942 ## - ELEMENTOS DE PUNTO DE ACCESO ADICIONAL (KOHA)
Fuente del sistema de clasificación o colocación Library of Congress Classification
Tipo de ítem Koha
Suprimir en OPAC 1

No items available.